[Event "Bronstein Mem Open A 2014"]
[Site "Minsk BLR"]
[Date "2014.02.11"]
[Round "1.1"]
[White "Jobava, Baadur"]
[Black "Zaiatz, Elena"]
[Result "1-0"]
[WhiteTitle "GM"]
[BlackTitle "IM"]
[WhiteElo "2706"]
[BlackElo "2423"]
[WhiteFideId "13601520"]
[BlackFideId "4139518"]
[EventDate "2014.02.11"]

1. e4 e5 2. Nf3 Nc6 3. Be2 g6 4. c3 Bg7 5. d4 d6 6. Na3 Nf6 7. dxe5 Nxe4 8. Qd5
f5 9. exd6 Nxd6 10. Bg5 Ne7 11. Qb3 Bd7 12. O-O-O Qc8 13. Nb5 Ne4 14. Bf4 Bxb5
15. Bxb5+ c6 16. Ng5 Rf8 17. Ne6 Rf7 18. Nc7+ Kf8 19. Bc4 Nd5 20. Nxd5 cxd5 21.
Bxd5 Rd7 22. Be6 Nc5 23. Rxd7 1-0

[Event "Bronstein Mem Open A 2014"]
[Site "Minsk BLR"]
[Date "2014.02.11"]
[Round "1.3"]
[White "Sargissian, Gabriel"]
[Black "Mochalov, Evgeny V"]
[Result "1-0"]
[WhiteTitle "GM"]
[BlackTitle "IM"]
[WhiteElo "2671"]
[BlackElo "2419"]
[WhiteFideId "13300881"]
[BlackFideId "13500074"]
[EventDate "2014.02.11"]

1. d4 Nf6 2. Nf3 g6 3. c4 Bg7 4. Nc3 d6 5. e4 O-O 6. Be2 Nbd7 7. O-O e5 8. Be3
Ng4 9. Bg5 Bf6 10. Bc1 Bg7 11. h3 exd4 12. Nxd4 Ngf6 13. f4 Re8 14. Bf3 Nb6 15.
b3 c5 16. Nc2 Nh5 17. Nb5 Bxa1 18. Nxa1 Qf6 19. Qd2 Nxf4 20. Qxf4 Qxa1 21. Qd2
Qe5 22. Nc7 Rf8 23. Bb2 Qe7 24. Nxa8 Nxa8 25. Qf4 f6 26. Rd1 Nc7 27. Qxd6 Qxd6
28. Rxd6 Ne6 29. e5 fxe5 30. Bxe5 Re8 31. h4 Kf7 32. Kf2 Ke7 33. Rd5 b6 34. Rd1
Rd8 35. Rxd8 Kxd8 36. Ke3 Bd7 37. h5 gxh5 38. Bxh5 Nf8 39. Bf3 Ng6 40. Bh2 Bf5
41. Be4 Bg4 42. Bc2 Kd7 43. Kf2 Kc6 44. Kg3 Be2 45. Be4+ Kd7 46. Bf5+ Kc6 47.
Kf2 Bd1 48. Ke1 1-0

[Event "Bronstein Mem Open A 2014"]
[Site "Minsk BLR"]
[Date "2014.02.11"]
[Round "1.4"]
[White "Zenzera, Alexey"]
[Black "Grachev, Boris"]
[Result "1/2-1/2"]
[WhiteTitle "IM"]
[BlackTitle "GM"]
[WhiteElo "2419"]
[BlackElo "2669"]
[WhiteFideId "4102665"]
[BlackFideId "4129199"]
[EventDate "2014.02.11"]

1. d4 d5 2. c4 e6 3. Nf3 Nf6 4. g3 Bb4+ 5. Bd2 Bd6 6. Bg2 c6 7. O-O Nbd7 8. Nc3
O-O 9. Bg5 h6 10. Bxf6 Nxf6 11. Nd2 e5 12. cxd5 exd4 13. Nce4 Nxd5 14. Nxd6 Qxd6
15. Nb3 Re8 16. Nxd4 Bg4 17. Qd2 Rad8 18. Bf3 Nf6 19. Rfd1 Bxf3 20. exf3 Qe5 21.
Qc3 Rd5 22. Nb3 Qxc3 23. bxc3 Re2 24. Nd4 Rb2 25. Rdb1 Rxb1+ 26. Rxb1 Rd7 27.
Nf5 b6 28. a4 Kh7 29. c4 g6 30. Ne3 Rd4 31. a5 Nd7 32. axb6 axb6 33. Kg2 Kg7 34.
g4 Kf6 35. Ra1 Ke6 36. Ra8 Kd6 37. Rh8 Ne5 38. Rxh6 Ke7 39. h4 Nxc4 40. h5 Nxe3+
41. fxe3 Rd6 42. Rh8 gxh5 43. gxh5 b5 44. h6 b4 45. h7 Rh6 46. Rb8 Rxh7 47. Rxb4
Rh5 1/2-1/2

[Event "Bronstein Mem Open A 2014"]
[Site "Minsk BLR"]
[Date "2014.02.11"]
[Round "1.6"]
[White "Kanter, Eduard"]
[Black "Mamedov, Rauf"]
[Result "0-1"]
[WhiteTitle "IM"]
[BlackTitle "GM"]
[WhiteElo "2407"]
[BlackElo "2659"]
[WhiteFideId "4103963"]
[BlackFideId "13401653"]
[EventDate "2014.02.11"]

1. d4 d6 2. Nf3 Bg4 3. c4 Nf6 4. Nc3 g6 5. g3 Bxf3 6. exf3 Bg7 7. Bh3 O-O 8. O-O
c6 9. Qb3 Qc7 10. Be3 Nbd7 11. f4 e6 12. Rac1 h5 13. d5 exd5 14. cxd5 c5 15. f5
Ng4 16. Bf4 Nde5 17. Ne4 gxf5 18. Ng5 Qd8 19. Qc2 Qf6 20. f3 Nh6 21. b3 Rfe8 22.
Bg2 Ng6 23. Nh3 Nxf4 24. Nxf4 h4 25. Nh5 Qg5 26. Nxg7 Kxg7 27. Qc3+ Kh7 28. f4
Qh5 29. Bf3 Qg6 30. Kf2 Ng4+ 31. Bxg4 fxg4 32. Rce1 Qf5 33. Qc4 h3 34. a4 b6 35.
Kg1 a6 36. Re2 b5 37. Qc2 Qxc2 38. Rxc2 Re3 39. b4 cxb4 40. axb5 axb5 41. Rb1 b3
42. Rcb2 Ra2 43. Kf2 Rc3 0-1

[Event "Bronstein Mem Open A 2014"]
[Site "Minsk BLR"]
[Date "2014.02.11"]
[Round "1.7"]
[White "Shimanov, Aleksandr"]
[Black "Ziaziulkina, Nastassia"]
[Result "1-0"]
[WhiteTitle "GM"]
[BlackTitle "WGM"]
[WhiteElo "2658"]
[BlackElo "2405"]
[WhiteFideId "4198603"]
[BlackFideId "13505211"]
[EventDate "2014.02.11"]

1. b3 d5 2. Bb2 Nf6 3. e3 c6 4. f4 g6 5. Nf3 Bg4 6. Be2 Bg7 7. O-O O-O 8. c4 e6
9. Qc2 Nbd7 10. h3 Bxf3 11. Bxf3 Rc8 12. d4 c5 13. Nd2 b6 14. a4 Nb8 15. Rad1
Qe7 16. Ba3 Rfd8 17. Rfe1 Na6 18. Qd3 Nb4 19. Bxb4 cxb4 20. Rc1 dxc4 21. Nxc4
Nd5 22. a5 b5 23. Bxd5 exd5 24. Ne5 Qe8 25. a6 Bf8 26. h4 f6 27. Nf3 Rc6 28.
Rxc6 Qxc6 29. f5 gxf5 30. Qxf5 Re8 31. Nh2 Qe6 32. Qf3 Bd6 33. Ng4 Kg7 34. Rf1
Rf8 35. Qf5 Qxf5 36. Rxf5 Rd8 37. Nxf6 Kg6 38. g4 Be7 39. Nxd5 Rd7 40. Nf4+ Kg7
41. Rxb5 Bxh4 42. Rb7 Rf7 43. Rxb4 1-0

[Event "Bronstein Mem Open A 2014"]
[Site "Minsk BLR"]
[Date "2014.02.11"]
[Round "1.12"]
[White "Kuzubov, Yuriy"]
[Black "Yagupov, Igor"]
[Result "1-0"]
[WhiteTitle "GM"]
[BlackTitle "GM"]
[WhiteElo "2643"]
[BlackElo "2396"]
[WhiteFideId "14112906"]
[BlackFideId "4113632"]
[EventDate "2014.02.11"]

1. d4 d5 2. c4 c6 3. Nf3 Nf6 4. Nc3 e6 5. Bg5 dxc4 6. e4 b5 7. a4 Qb6 8. Bxf6
gxf6 9. g3 Bb7 10. Bg2 Bg7 11. O-O O-O 12. Ne2 Na6 13. Nf4 Rad8 14. Nh5 Kh8 15.
Nxg7 Kxg7 16. Qc1 h6 17. Qf4 Rd7 18. e5 Qd8 19. Qg4+ Kh8 20. exf6 Qxf6 21. Ne5
Re7 22. axb5 Nb4 23. Rxa7 Nd3 24. bxc6 Bc8 25. Rxe7 Qxe7 26. Nxc4 Qb4 27. Ne3
Qxb2 28. Qh4 Kg7 29. Ng4 f5 30. Qxh6+ Kf7 31. Qh7+ Ke8 32. Qg6+ Ke7 33. Qg7+ Rf7
34. Qg5+ Ke8 35. Nf6+ Kf8 36. Qg8+ Ke7 37. Qxc8 Kxf6 38. c7 1-0

[Event "Bronstein Mem Open A 2014"]
[Site "Minsk BLR"]
[Date "2014.02.11"]
[Round "1.13"]
[White "Grib, Roman"]
[Black "Kovalenko, Igor"]
[Result "1/2-1/2"]
[WhiteTitle "FM"]
[BlackTitle "GM"]
[WhiteElo "2396"]
[BlackElo "2642"]
[WhiteFideId "13506706"]
[BlackFideId "14117908"]
[EventDate "2014.02.11"]

1. e4 c6 2. Nc3 d5 3. Nf3 Bg4 4. h3 Bh5 5. Be2 e6 6. O-O Nf6 7. d3 dxe4 8. Nxe4
Nbd7 9. Nxf6+ Nxf6 10. Ne5 Bg6 11. Bf3 Bd6 12. Qe2 Qc7 13. Re1 O-O-O 14. a4 Nd5
15. a5 Bxe5 16. Qxe5 Qxe5 17. Rxe5 Rhe8 18. h4 f6 19. Re2 h5 20. Be3 Nxe3 21.
Rxe3 Kc7 22. Ra4 Re7 23. Rc4 Rd6 24. d4 Bf7 25. Rb4 a6 26. c3 Bg6 27. Rc4 Bc2
28. Rc5 g6 29. b4 Kd7 30. g3 Bf5 31. Kg2 Rg7 32. Be2 Rd5 33. Bf3 Rxc5 34. bxc5
Re7 35. Be2 e5 36. f3 Ke8 37. Kf2 Kf7 38. g4 hxg4 39. fxg4 Bc8 40. dxe5 fxe5 41.
Kg3 Kg7 42. Bf3 Bd7 43. Rd3 Be8 44. Be4 Rf7 45. Rf3 Rd7 46. Rd3 Rf7 47. Rf3 Rd7
48. Rd3 1/2-1/2

[Event "Bronstein Mem Open A 2014"]
[Site "Minsk BLR"]
[Date "2014.02.11"]
[Round "1.14"]
[White "Fedorchuk, Sergey A."]
[Black "Vorontsov, Pavlo"]
[Result "1/2-1/2"]
[WhiteTitle "GM"]
[BlackTitle "FM"]
[WhiteElo "2641"]
[BlackElo "2390"]
[WhiteFideId "14102536"]
[BlackFideId "14116367"]
[EventDate "2014.02.11"]

1. e4 e6 2. d4 d5 3. Nd2 c5 4. Ngf3 cxd4 5. Nxd4 Nf6 6. exd5 Qxd5 7. Nb5 Na6 8.
Nc3 Qd6 9. Bc4 Be7 10. O-O O-O 11. Qe2 Bd7 12. Nf3 Rfc8 13. b3 Be8 14. Bb2 Nc5
15. Rfe1 Qc7 16. Ne5 a6 17. a4 Ncd7 18. Nxd7 Bxd7 19. Ne4 Qf4 20. Ng3 Bb4 21.
Red1 Bc6 22. Rd4 Qg5 23. Rad1 Qa5 24. R4d3 Qg5 25. Rd4 Qa5 26. Bd3 Rd8 27. Rxd8+
Rxd8 28. Bxf6 gxf6 29. Qg4+ Kf8 30. Qh4 Ke7 31. Qxh7 Qd5 32. Qh3 Rh8 33. c4 Qf3
34. gxf3 Rxh3 35. Be4 f5 36. Bxc6 bxc6 37. Kg2 Rh8 38. Ne2 Rg8+ 39. Kf1 Bc5 40.
Nd4 Bxd4 41. Rxd4 Rb8 42. Rd3 Rh8 43. c5 Rxh2 44. Rd6 Rh1+ 45. Ke2 Rb1 46. Rxc6
Rxb3 47. Rxa6 Rc3 48. Ra7+ Kf6 49. Ra5 Ke5 50. Rb5 Kd4 51. Rb7 Rc2+ 52. Kf1 Rxc5
53. Rxf7 Rc1+ 54. Kg2 Ra1 55. Ra7 Ke5 56. Ra8 Kf4 57. a5 e5 58. a6 Ra2 59. Ra7
Ra1 1/2-1/2

[Event "Bronstein Mem Open A 2014"]
[Site "Minsk BLR"]
[Date "2014.02.12"]
[Round "2.1"]
[White "Berg, Emanuel"]
[Black "Jobava, Baadur"]
[Result "1/2-1/2"]
[WhiteTitle "GM"]
[BlackTitle "GM"]
[WhiteElo "2549"]
[BlackElo "2706"]
[WhiteFideId "1704060"]
[BlackFideId "13601520"]
[EventDate "2014.02.11"]

1. e4 c5 2. Nf3 d6 3. d4 Nf6 4. Nc3 cxd4 5. Nxd4 g6 6. Be3 Bg7 7. f3 h5 8. Qd2
Nbd7 9. Bc4 a6 10. O-O-O b5 11. Bb3 Bb7 12. Rhe1 Rc8 13. Kb1 Ne5 14. h3 Nc4 15.
Bxc4 Rxc4 16. e5 dxe5 17. Ne6 Qxd2 18. Nxg7+ Kf8 19. Ne6+ fxe6 20. Bxd2 e4 21.
b3 Rc8 22. Nxe4 Nxe4 23. fxe4 h4 24. Bb4 Ke8 25. Rd3 Rf8 26. Rf3 e5 27. Rxf8+
Kxf8 28. Bd2 Kf7 29. Bg5 Rh8 30. c3 Rh5 31. Bd2 g5 32. Kc2 Kg6 33. Kd3 Rh8 34.
Re2 Rd8+ 35. Ke3 Rf8 36. Rf2 Rf4 37. Rxf4 exf4+ 38. Kf3 Bc8 39. Bc1 Kf6 40. Ba3
Bd7 41. Bb4 Be8 42. Ba5 Bh5+ 43. Kf2 Bd1 44. Bc7 Ke6 45. b4 Kf6 46. a3 Bb3 47.
Kf3 Bc2 48. Bd8 Kf7 49. Bc7 Ke6 50. Bb8 Kf6 51. Bc7 Kg6 52. Bd8 e6 53. Bc7 Kh5
54. Bd6 Bb3 55. Bc7 Bd1+ 1/2-1/2

[Event "Bronstein Mem Open A 2014"]
[Site "Minsk BLR"]
[Date "2014.02.12"]
[Round "2.2"]
[White "Akopian, Vladimir"]
[Black "Lintchevski, Daniil"]
[Result "1/2-1/2"]
[WhiteTitle "GM"]
[BlackTitle "GM"]
[WhiteElo "2682"]
[BlackElo "2537"]
[WhiteFideId "13300032"]
[BlackFideId "4171055"]
[EventDate "2014.02.11"]

1. Nf3 Nf6 2. g3 c5 3. Bg2 g6 4. b3 Bg7 5. Bb2 d5 6. O-O O-O 7. e3 b6 8. c4 Bb7
9. Qe2 Nc6 10. Rd1 Qc7 11. Nc3 Rad8 12. cxd5 Nxd5 13. Nxd5 Rxd5 14. Bxg7 Kxg7
15. d4 cxd4 16. Qb2 Rdd8 17. Rac1 Qb8 18. Nxd4 Nxd4 19. Rxd4 Kg8 20. Bxb7 1/2-1/2

[Event "Bronstein Mem Open A 2014"]
[Site "Minsk BLR"]
[Date "2014.02.12"]
[Round "2.3"]
[White "Malakhatko, Vadim"]
[Black "Sargissian, Gabriel"]
[Result "0-1"]
[WhiteTitle "GM"]
[BlackTitle "GM"]
[WhiteElo "2539"]
[BlackElo "2671"]
[WhiteFideId "14104202"]
[BlackFideId "13300881"]
[EventDate "2014.02.11"]

1. d4 Nf6 2. c4 e6 3. Nf3 Bb4+ 4. Nbd2 O-O 5. a3 Be7 6. g3 d5 7. Bg2 b6 8. O-O
Bb7 9. b4 a5 10. b5 c5 11. Bb2 Nbd7 12. e3 Rc8 13. Qe2 Rc7 14. Rfc1 Qa8 15. Ne5
cxd4 16. Bxd4 Rfc8 17. a4 Bb4 18. Nc6 Bxc6 19. bxc6 Rxc6 20. Qd1 Bxd2 21. Qxd2
Rxc4 22. Rxc4 Rxc4 23. Bf1 Rc7 24. Rb1 Qc6 25. Bb5 Qc2 26. Qxc2 Rxc2 27. Bxd7
Nxd7 28. Bxb6 Ra2 29. Bxa5 h5 30. Bc3 Rxa4 31. Bd4 Ra8 32. Rb7 Nf8 33. h4 Ng6
34. Kg2 Re8 35. Rc7 Ne7 36. Kf3 Nf5 37. Bc5 Ra8 38. e4 dxe4+ 39. Kxe4 Ra4+ 40.
Kf3 Rc4 41. Bb6 Rxc7 42. Bxc7 f6 43. Ke4 Kf7 44. Bf4 Ne7 45. Bd2 Nc6 46. Bc1 Kg6
47. Bb2 Ne7 48. Bc3 Nf5 49. Bb4 Nh6 50. Bc5 Ng4 51. Bd4 Kf7 52. Bb6 Ne5 53. Bd4
Ng6 54. Bb6 e5 55. Bc5 Ke6 56. Ba3 Ne7 57. Bc5 Nf5 58. Bb6 Nd6+ 59. Kd3 Kf5 60.
Bc5 Nb5 61. f3 Nc7 62. Bb6 Ne8 63. Bc5 Ke6 64. g4 g6 65. gxh5 gxh5 66. f4 Kd5
67. fxe5 fxe5 68. Be7 Ng7 69. Bf6 Nf5 70. Bd8 Ke6 71. Ke4 Nd6+ 72. Kf3 Kf5 73.
Bc7 Nf7 74. Ba5 Nh6 75. Bd8 Ng4 76. Bc7 e4+ 77. Kg3 Ne5 78. Kf2 Ng4+ 79. Kg3 Nf6
80. Bb8 Nd5 81. Bd6 Ke6 82. Bb8 Kd7 83. Kf2 Kc6 84. Ba7 Kd6 85. Bb8+ Ke6 86. Kg3
Kf5 87. Bd6 Ne3 88. Bc7 Nc4 89. Bb8 Ne5 90. Ba7 Ng6 91. Bd4 Ke6 92. Bb6 Kd5 93.
Be3 Kc4 94. Bg5 Kd3 95. Kf2 Ne5 96. Bf4 Ng4+ 97. Kg3 Nf6 98. Kf2 Nd5 99. Bg5 e3+
100. Kf3 e2 101. Kf2 Nb4 0-1

[Event "Bronstein Mem Open A 2014"]
[Site "Minsk BLR"]
[Date "2014.02.12"]
[Round "2.5"]
[White "Mamedov, Rauf"]
[Black "Maiorov, Nikita1"]
[Result "1/2-1/2"]
[WhiteTitle "GM"]
[BlackTitle "GM"]
[WhiteElo "2659"]
[BlackElo "2529"]
[WhiteFideId "13401653"]
[BlackFideId "13501720"]
[EventDate "2014.02.11"]

1. c4 Nf6 2. Nc3 e5 3. g3 Bb4 4. Bg2 O-O 5. Nf3 Nc6 6. O-O d6 7. d3 h6 8. Na4 a5
9. b3 Bc5 10. Bb2 Ba7 11. Rc1 Re8 12. Nc3 Nd4 13. Nxd4 Bxd4 14. e3 Bb6 15. h3 c6
16. d4 exd4 17. exd4 d5 18. Na4 Bc7 19. Nc5 Rb8 20. Qf3 Bd6 21. Rfe1 Re7 22. Nd3
Rxe1+ 23. Rxe1 dxc4 24. bxc4 Be6 25. Rc1 b5 26. cxb5 Bd5 27. Qe2 cxb5 28. Bxd5
Nxd5 29. Qf3 Nb6 30. Rc6 Bf8 31. Nf4 Nc4 32. Bc3 a4 33. d5 Qg5 34. Rc7 1/2-1/2

[Event "Bronstein Mem Open A 2014"]
[Site "Minsk BLR"]
[Date "2014.02.12"]
[Round "2.6"]
[White "Kveinys, Aloyzas"]
[Black "Shimanov, Aleksandr"]
[Result "1/2-1/2"]
[WhiteTitle "GM"]
[BlackTitle "GM"]
[WhiteElo "2526"]
[BlackElo "2658"]
[WhiteFideId "12800040"]
[BlackFideId "4198603"]
[EventDate "2014.02.11"]

1. d4 Nf6 2. Nf3 g6 3. c4 Bg7 4. g3 c5 5. d5 d6 6. Bg2 e6 7. dxe6 fxe6 8. O-O
O-O 9. Nc3 Qe7 10. Bg5 h6 11. Bf4 Rd8 12. Qc2 e5 13. Be3 Qf7 14. Nh4 g5 15. Nf5
Nc6 16. Nxg7 Qxg7 17. Rad1 Be6 18. b3 Rac8 19. Ne4 Nxe4 20. Bxe4 Nd4 21. Bxd4
exd4 22. e3 dxe3 23. fxe3 Rc7 24. Bd5 Bxd5 25. Rxd5 Rf7 26. Rdf5 Rdf8 27. Rxf7
Rxf7 1/2-1/2

[Event "Bronstein Mem Open A 2014"]
[Site "Minsk BLR"]
[Date "2014.02.12"]
[Round "2.7"]
[White "Popov, Ivan RUS"]
[Black "Chatalbashev, Boris"]
[Result "1/2-1/2"]
[WhiteTitle "GM"]
[BlackTitle "GM"]
[WhiteElo "2653"]
[BlackElo "2522"]
[WhiteFideId "4170350"]
[BlackFideId "2900440"]
[EventDate "2014.02.11"]

1. e4 g6 2. d4 Bg7 3. Nc3 d6 4. Be3 a6 5. Qd2 b5 6. h4 Nf6 7. f3 h5 8. O-O-O
Nbd7 9. Nh3 Nb6 10. Bd3 Bxh3 11. Rxh3 e6 12. Kb1 Qd7 13. Rhh1 d5 14. Bg5 b4 15.
Ne2 dxe4 16. fxe4 Ng4 17. Rhf1 O-O 18. Qxb4 Rab8 19. Qa5 c5 20. dxc5 Nd5 21. c6
Rxb2+ 22. Kc1 Qc7 23. Qxc7 Nxc7 24. c3 Rxa2 25. Bc4 Ra4 26. Bb3 Rxe4 27. Rd7 Nd5
28. Bxd5 exd5 29. c7 Rc4 30. Be7 Ne5 31. Rxd5 Rxc7 32. Bxf8 Kxf8 33. Kc2 Nc4 34.
Rf3 Bf6 35. Nd4 Kg7 36. g3 a5 37. Nb5 Rc6 38. Nd4 Rc7 39. Nb5 Rc6 40. Nd4 1/2-1/2

[Event "Bronstein Mem Open A 2014"]
[Site "Minsk BLR"]
[Date "2014.02.12"]
[Round "2.13"]
[White "Gasanov, Eldar"]
[Black "Oleksienko, Mikhailo"]
[Result "1/2-1/2"]
[WhiteTitle "GM"]
[BlackTitle "GM"]
[WhiteElo "2480"]
[BlackElo "2630"]
[WhiteFideId "14104466"]
[BlackFideId "4152417"]
[EventDate "2014.02.11"]

1. c4 e6 2. g3 d5 3. Bg2 Nf6 4. Nf3 d4 5. O-O c5 6. d3 Nc6 7. e3 h6 8. exd4 cxd4
9. Re1 Bd6 10. a3 a5 11. Nbd2 O-O 12. Qc2 Nd7 13. Rb1 Re8 14. Ne4 Bf8 15. c5 a4
16. b4 axb3 17. Rxb3 Qc7 18. g4 f5 19. Nd6 Bxd6 20. cxd6 Qxd6 21. gxf5 e5 22.
Nd2 Nf6 23. a4 Qc7 24. Rb5 Qf7 25. Nc4 Rd8 26. Nxe5 Nxe5 27. Rbxe5 Bd7 28. a5
Rac8 29. Qd1 Bc6 30. Re7 Qa2 31. Qd2 Qxd2 32. Bxd2 Nd5 33. R7e6 Ra8 34. Rc1 Nc3
35. Bxc6 bxc6 36. Bxc3 dxc3 37. Rxc3 Rxa5 38. f6 Rg5+ 39. Kf1 c5 40. fxg7 Kxg7
41. Re4 Rh5 42. h4 Rhd5 43. Ke2 Kg6 44. Rec4 Re8+ 45. Kf3 Rf8+ 46. Ke3 Rdf5 47.
f4 R8f7 48. Re4 Kh5 49. Re5 Kxh4 50. Rcxc5 Rxf4 51. Rh5+ Kg4 52. Rxh6 Rf3+ 53.
Kd2 R3f5 54. Rc4+ Kg5 55. Re6 Rd7 56. Ke3 Rfd5 57. d4 Kf5 58. Re8 R7d6 59. Kd3
Re6 60. Rcc8 Red6 61. Re4 Rd8 62. Rc1 Kf6 63. Rh1 Ra5 64. Rf1+ Rf5 65. Rb1 Rf3+
66. Ke2 Ra3 67. Rf1+ Kg5 68. Re5+ Kg6 69. Rf4 Rb3 70. Rg4+ Kf6 71. Rf4+ Kg6 72.
Re3 Rb5 73. Rg3+ Rg5 74. Rxg5+ Kxg5 75. Ke3 Re8+ 76. Re4 Ra8 77. Rf4 Re8+ 78.
Re4 Ra8 79. Kf3 Ra3+ 80. Re3 Rxe3+ 81. Kxe3 Kf5 82. Kd3 Ke6 1/2-1/2

[Event "Bronstein Mem Open A 2014"]
[Site "Minsk BLR"]
[Date "2014.02.12"]
[Round "2.14"]
[White "Hayrapetyan, Hovik"]
[Black "Miroshnichenko, Evgenij"]
[Result "1/2-1/2"]
[WhiteTitle "GM"]
[BlackTitle "GM"]
[WhiteElo "2469"]
[BlackElo "2625"]
[WhiteFideId "13302639"]
[BlackFideId "14102595"]
[EventDate "2014.02.11"]

1. d4 g6 2. c4 Bg7 3. Nc3 d6 4. Nf3 c5 5. d5 Bxc3+ 6. bxc3 f5 7. Bf4 Nf6 8. e3
Qa5 9. Qc2 Nbd7 10. Bd3 b5 11. cxb5 Nxd5 12. Bh6 e5 13. Rc1 Bb7 14. Nd2 N5f6 15.
f3 d5 16. Nb3 Qd8 17. c4 Kf7 18. Bg5 d4 19. exd4 exd4 20. O-O Re8 21. a4 Qc7 22.
Qd2 Re6 23. Rce1 Ne5 24. Re2 Rae8 25. Rfe1 Bc8 26. Bf4 Nh5 27. Bxe5 Rxe5 28.
Rxe5 Rxe5 29. Rxe5 Qxe5 30. Qe2 Qd6 31. g3 Nf6 32. Kf2 Bb7 33. a5 Nd7 34. a6 Ba8
35. Nd2 Qc7 36. h3 Nf6 37. f4 Qa5 38. Nf3 Bxf3 39. Qxf3 Qd2+ 40. Kf1 Qc1+ 41.
Kf2 Qd2+ 42. Kf1 Qc1+ 43. Kf2 Qd2+ 1/2-1/2

[Event "Bronstein Mem Open A 2014"]
[Site "Minsk BLR"]
[Date "2014.02.12"]
[Round "2.15"]
[White "Zherebukh, Yaroslav"]
[Black "Aghasaryan, Robert"]
[Result "1/2-1/2"]
[WhiteTitle "GM"]
[BlackTitle "FM"]
[WhiteElo "2623"]
[BlackElo "2467"]
[WhiteFideId "14116804"]
[BlackFideId "13302841"]
[EventDate "2014.02.11"]

1. e4 e5 2. Nf3 Nc6 3. Bb5 Nf6 4. d3 Bc5 5. c3 O-O 6. O-O d6 7. Nbd2 a6 8. Ba4
Ba7 9. Bb3 Be6 10. Nc4 h6 11. Qe2 Re8 12. Be3 b5 13. Ncd2 d5 14. Bxa7 Rxa7 15.
a4 b4 16. a5 Qd6 17. Ba4 Bd7 18. Rfe1 bxc3 19. bxc3 Rb7 20. Bxc6 Qxc6 21. exd5
Qxd5 22. c4 Qd6 23. Qe3 Bc6 24. c5 Qd5 25. Ne4 Nxe4 26. dxe4 Qb3 27. Qc1 Rb4 28.
Nd2 Qb2 29. Qxb2 Rxb2 30. Nc4 Rb5 31. f3 Rxc5 32. Rec1 Re6 33. Ne3 Rb5 34. Ra2
g6 35. h4 Rb3 36. Kf2 Rb5 37. h5 gxh5 38. Nf5 Kh7 39. Rac2 Be8 40. Rxc7 Rxa5 41.
R1c2 Rb5 42. Ra7 Rb8 43. Kg3 Rd8 44. Ra2 Rg6+ 45. Kh2 Rb8 46. R2xa6 Rbb6 47.
Rxb6 Rxb6 48. Re7 Re6 49. Rxe6 fxe6 50. Nd6 Ba4 51. Nf7 Kg6 52. Nxe5+ Kg5 53.
Nd3 Bb5 54. Nc5 e5 55. Kh3 Bc4 56. Kh2 Kf4 57. Kh3 Bf1 58. Nd7 Ke3 59. Nxe5 Kf2
60. Kh4 Bxg2 61. Kxh5 Ke3 62. Ng4+ Kf4 63. Kxh6 Bxf3 64. Nf6 Bxe4 65. Nxe4 Kxe4 1/2-1/2

[Event "Bronstein Mem Open A 2014"]
[Site "Minsk BLR"]
[Date "2014.02.13"]
[Round "3.1"]
[White "Sargissian, Gabriel"]
[Black "Durarbayli, Vasif"]
[Result "0-1"]
[WhiteTitle "GM"]
[BlackTitle "GM"]
[WhiteElo "2671"]
[BlackElo "2580"]
[WhiteFideId "13300881"]
[BlackFideId "13402935"]
[EventDate "2014.02.11"]

1. d4 Nf6 2. c4 g6 3. Nc3 d5 4. Nf3 Bg7 5. e3 O-O 6. b4 c6 7. Bb2 Bg4 8. Qb3
Bxf3 9. gxf3 dxc4 10. Bxc4 b5 11. Be2 a5 12. bxa5 Qxa5 13. O-O Nbd7 14. Rfc1 b4
15. Ne4 Nxe4 16. fxe4 Qg5+ 17. Kf1 e5 18. dxe5 Qh4 19. f4 Qxh2 20. Bf3 g5 21.
Rc2 Qg3 22. Rf2 gxf4 23. Qd1 Rfd8 24. exf4 Nc5 25. Qe2 Nd3 26. e6 Nxf2 27. exf7+
Kh8 0-1

[Event "Bronstein Mem Open A 2014"]
[Site "Minsk BLR"]
[Date "2014.02.13"]
[Round "3.6"]
[White "Jobava, Baadur"]
[Black "Hovhanisian, Mher"]
[Result "1-0"]
[WhiteTitle "GM"]
[BlackTitle "IM"]
[WhiteElo "2706"]
[BlackElo "2516"]
[WhiteFideId "13601520"]
[BlackFideId "13300865"]
[EventDate "2014.02.11"]

1. c4 c6 2. e4 d5 3. cxd5 cxd5 4. exd5 Nf6 5. Qa4+ Nbd7 6. Nc3 g6 7. Nf3 Bg7 8.
Bc4 O-O 9. d3 a6 10. Qa3 Nb6 11. Qb3 Nbd7 12. a4 b6 13. d4 Bb7 14. O-O Ne8 15.
Re1 Nd6 16. Bd3 Nf6 17. Ne5 Re8 18. Bg5 h6 19. Bf4 Rc8 20. h3 b5 21. axb5 axb5
22. Nc6 Qd7 23. Bxd6 Qxd6 24. Bxb5 Nxd5 25. Na5 Nxc3 26. Bxe8 Bd5 27. Qa3 Qxa3
28. Rxa3 Ne4 29. Rae3 f5 30. Bxg6 e6 31. f3 Nd6 32. Nb3 Rb8 33. Rxe6 Bxe6 34.
Rxe6 Nc4 35. Re8+ Rxe8 36. Bxe8 Nxb2 37. f4 Nd3 38. g3 Nb4 39. Bd7 Kf7 40. Bxf5
Ke7 41. Be4 Kd6 42. Kf2 1-0

[Event "Bronstein Mem Open A 2014"]
[Site "Minsk BLR"]
[Date "2014.02.13"]
[Round "3.7"]
[White "Rasulov, Vugar"]
[Black "Akopian, Vladimir"]
[Result "0-1"]
[WhiteTitle "GM"]
[BlackTitle "GM"]
[WhiteElo "2534"]
[BlackElo "2682"]
[WhiteFideId "13402390"]
[BlackFideId "13300032"]
[EventDate "2014.02.11"]

1. e4 c5 2. Nf3 e6 3. d4 cxd4 4. Nxd4 a6 5. Bd3 Nf6 6. O-O Qc7 7. Kh1 Bc5 8. Nb3
Be7 9. f4 d6 10. Qe2 Nbd7 11. a4 b6 12. Nc3 Bb7 13. Bd2 O-O 14. Rae1 e5 15. Qf3
Rad8 16. Qh3 exf4 17. Nd5 Bxd5 18. exd5 Ne5 19. Bxf4 Nxd3 20. Qxd3 Rde8 21. c4
Ng4 22. Qg3 f5 23. Nd2 g5 24. Rxe7 Qxe7 25. Bxd6 Qe2 26. Bxf8 Qxd2 27. Ba3 h5
28. h3 f4 29. Qc3 Qxc3 30. bxc3 Ne3 31. Re1 Kf7 32. c5 bxc5 33. d6 Re5 34. g3
Ke6 35. gxf4 gxf4 36. Kg1 Kxd6 37. Kf2 Nc4 38. Bc1 Rxe1 39. Kxe1 Ke5 0-1

[Event "Bronstein Mem Open A 2014"]
[Site "Minsk BLR"]
[Date "2014.02.13"]
[Round "3.11"]
[White "Maiorov, Nikita1"]
[Black "Popov, Ivan RUS"]
[Result "1/2-1/2"]
[WhiteTitle "GM"]
[BlackTitle "GM"]
[WhiteElo "2529"]
[BlackElo "2653"]
[WhiteFideId "13501720"]
[BlackFideId "4170350"]
[EventDate "2014.02.11"]

1. d4 Nf6 2. c4 g6 3. Nf3 Bg7 4. g3 c6 5. Bg2 d5 6. cxd5 cxd5 7. O-O O-O 8. Ne5
Ng4 9. f4 Nxe5 10. fxe5 Nc6 11. Nc3 Be6 1/2-1/2

[Event "Bronstein Mem Open A 2014"]
[Site "Minsk BLR"]
[Date "2014.02.13"]
[Round "3.13"]
[White "Fedorchuk, Sergey A."]
[Black "Gasanov, Eldar"]
[Result "1/2-1/2"]
[WhiteTitle "GM"]
[BlackTitle "GM"]
[WhiteElo "2641"]
[BlackElo "2480"]
[WhiteFideId "14102536"]
[BlackFideId "14104466"]
[EventDate "2014.02.11"]

1. e4 e5 2. Nf3 Nc6 3. Bb5 a6 4. Ba4 d6 5. O-O Bd7 6. Re1 g6 7. d4 Bg7 8. d5
Nce7 9. c4 Nf6 10. Nc3 O-O 11. Bxd7 Nxd7 12. Be3 h6 1/2-1/2